| 000 | 003580000a22001570004500 | ||
|---|---|---|---|
| 001 | 002402 | ||
| 003 | MACL | ||
| 040 | _aMACL | ||
| 090 |
_c14395 _d14394 |
||
| 100 | _aGupta, M.G.(Translator) | ||
| 245 |
_aMaulana Rum's Masnawi Vol.V _cM.G.(Translator) Gupta |
||
| 260 |
_aM G Publishers, _c2004 |
||
| 350 | _a500 | ||
| 650 | _aReligion | ||
| 942 |
_k294 _cBook |
||
| 999 |
_c14314 _d14314 |
||